• 首页
  • 本馆介绍
  • 公告通知
  • 最新文献
  • 馆藏检索
  • 电子资源
  • 读者导购
  • 参考咨询
  • 我的图书馆
  • 登录
  • 详细信息显示
  • 放入我的书架
  • 预约/预借图书
  • 作者相关作品
  • 分类相关作品
  • 丛书相关作品
  • 出版社相关作品

书目信息

  • 表格格式
  • 工作单格式
  • 卡片格式
题名:
土壤风蚀监测系统与关键技术
    
 
作者: 陈智 , 刘海洋 , 宋涛 著
分册:  
出版信息: 成都   四川大学出版社  2017.10
页数: 319页
开本: 24cm
丛书名:
单 册:
中图分类: S157.1
科图分类:
主题词: 土壤侵蚀--风蚀--土壤监测--监测系统
电子资源:
ISBN: 978-7-5690-1269-9
000 01133nam0 2200241 450
001 5493
005 20181016095027.22
010    @a978-7-5690-1269-9@dCNY75.00
100    @a20180714d2017 em y0chiy50 ea
101 0  @achi
102    @aCN@b510000
105    @aa z 000yy
200 1  @a土壤风蚀监测系统与关键技术@9tu rang feng shi jian ce xi tong yu guan jian ji shu@f陈智,刘海洋,宋涛著
210    @a成都@c四川大学出版社@d2017.10
215    @a319页@c图@d24cm
330    @a本书以土壤风蚀为主线,探讨了土壤风蚀监测的国内外研究进展与存在问题,介绍了目前常用的风沙两相流体测量方法和风蚀颗粒的测速方法以及相应的流体基本知识,揭示气流分流对冲与多级扩容组合降速机理,研究了气流降速、内流场特性与风沙流气固分离规律之间的关系,设计了分流对冲与多级扩容组合式多通道自动集沙仪和热敏式多通道风速廓线仪。在此基础上,构建了基于无线传感网络的土壤风蚀检测系统,并编制了土壤风蚀检测系统数据处理软件。
606 0  @a土壤侵蚀@x风蚀@x土壤监测@x监测系统
690    @aS157.1@v5
701  0 @a陈智@9chen zhi@4著
701  0 @a刘海洋@9liu hai yang@4著
701  0 @a宋涛@9song tao@4著
801  0 @aCN@b91MARC@c20180714
905    @aMuseLib@dS157.1@e102
    
    土壤风蚀监测系统与关键技术/陈智,刘海洋,宋涛著.-成都:四川大学出版社,2017.10
    319页:图;24cm
    
    
    ISBN 978-7-5690-1269-9:CNY75.00
    本书以土壤风蚀为主线,探讨了土壤风蚀监测的国内外研究进展与存在问题,介绍了目前常用的风沙两相流体测量方法和风蚀颗粒的测速方法以及相应的流体基本知识,揭示气流分流对冲与多级扩容组合降速机理,研究了气流降速、内流场特性与风沙流气固分离规律之间的关系,设计了分流对冲与多级扩容组合式多通道自动集沙仪和热敏式多通道风速廓线仪。在此基础上,构建了基于无线传感网络的土壤风蚀检测系统,并编制了土壤风蚀检测系统数据处理软件。
●
相关链接 在E读中查询图书 在五车中查询图书 在当当中查询图书 在豆瓣中查询图书


正题名:土壤风蚀监测系统与关键技术     索取号:S157.1/102         预约/预借

序号 登录号 条形码 馆藏地/架位号 状态 备注
1 1129980   211299806   第二样本阅览室/ [索取号:S157.1/102] 在馆    
2 1129981   211299815   密集书库-资源管理系/ [索取号:S157.1/102] 在馆    
3 1129982   211299824   第三借阅区/ [索取号:S157.1/102] 在馆    
4 1129983   211299833   第三借阅区/ [索取号:S157.1/102] 在馆    
5 1129984   211299842   第三借阅区/ [索取号:S157.1/102] 在馆    
唐山师范学院图书馆 欢迎您!
大连网信软件有限公司© 版权所有